| 000 | 00894nam a2200265 i 4500 | ||
|---|---|---|---|
| 001 | bg | ||
| 100 | 1 |
_aMÅRTENSSON, Hans _d(1946- ) |
|
| 245 | 1 | 0 |
_aKominki, piece, piecyki / _cHans Mårtensson ; [tł. z szw. Wojciech Roszak]. |
| 246 |
_iTyt. oryg.: _aSpisboken : kaminer, spisinsatser, kakelugnar |
||
| 250 | _aWyd. 2 zm. | ||
| 260 |
_aWarszawa : _b"Arkady", _c2006. |
||
| 300 |
_a95 s. : _bil. ; _c25 cm. |
||
| 500 | _aTyt. oryg.: "Spisboken : kaminer, spisinsatser, kakelugnar" 1994. | ||
| 650 | 9 | _aPiec mieszkaniowy | |
| 655 | _aWydawnictwa popularne | ||
| 700 | 1 |
_aROSZAK, Wojciech _d(1929- ). _eTł. |
|
| 020 | _a8321344364 | ||
| 040 | _cBPK | ||
| 041 | 1 |
_apol _hswe |
|
| 080 | _a697(02.025.2) | ||
| 920 | _a83-213-4436-4 | ||
| 942 | _cKS | ||
| 008 | s pl f |000 0 pol | ||
| 999 |
_c52486 _d52486 |
||
| 856 |
_uhttp://koha.tu.koszalin.pl/cgi-bin/koha/opac-detail.pl?biblionumber=52486 _yKatalog online BPK |
||